000 01604nam0a22003131 4500
001 v19\rc\1726013
005 20061002173416.5
035 _a(NLR Aleph) 004822457
090 _a5030598
_c5030598
100 _a20061002e19011901|||y0rusy50 ca
101 1 _arus
_cger
102 _aRU
105 _aa z |||||
200 1 _aОперативная рино-фарингология со включением электролиза
_eДля врачей и учащихся
_e(Rhino-pharyngologische Operationslehre mit Einschluss der Electrolyse. Von Dr. R. Kafemann, Privatdocent an der Universität Königsberg)
_fDr. R. Kafemann, прив.-доц. Кенигсберг. ун-та
_gПер. с нем. д-ра мед. А.В. Захера...
210 _aСанкт-Петербург
_cжурн. "Практ. медицина" (В.С. Эттингер)
_d1901
215 _a[4], 80 с.
_cил.
_d24
311 _aОтт. из журн. "Практ. медицина". 1901, № 2-3
320 _aБиблиогр. в примеч.
454 0 _12001#$aRhino-pharyngologische Operationslehre mit Einschluss der Electrolyse. Von Dr. R. Kafemann, Privatdocent an der Universität Königsberg
_1700#1$aKafemann$bR.
488 0 _12001#$aПрактическая медицина$v1901, № 2-3
700 1 _aКафеман
_bР.
_gРудольф
702 1 _aЗахер
_bА. В.
_f1867-
_gАбрам Вениаминович
_4730
801 0 _aRU
_bNLR
_gpsbo
801 0 _aRU
_bRuMoRGB
_2psbo
801 1 _aRU
_bProSoft-M
_2rusmarc
852 _aNLR
_j18.334.3.9
899 _aБАН
942 _cBOOK
980 _aNB